000 00685nam a2200229 i 4500
001 133834
003 ES-MaACL
005 20250823102206.0
007 t|
008 070831s1984 sp ||||1| spa d
020 _a84-231-2802-4
080 _a792.5
100 1 _aAlier, Roger.
_919932
245 1 3 _aLa zarzuela /
_cpor el Dr. Roger Alier.
260 _aMadrid :
_bDaimon :
_bManuel Tamayo,
_c[1984]
300 _a132 p. ;
_c19 p.
490 1 _aQué es y en qué consiste...
650 1 7 _aZarzuela
_2embne
_9136568
830 0 _aQué es y en qué consiste...
_9233392
852 _aES-MaACL
_jE-12081
_z. - Biblioteca Jacinto Martínez Lacalle
999 _c133834
_d133834